Statistics for Cyrillic letters and their Latin equivalences

Click here to take the quiz!

General Stats

  • This quiz has been taken 1,853 times
  • The average score is 19 of 22

Answer Stats

CyrillicLatin% Correct
А аA
100%
Б бB
99%
Е еE
96%
М мM
95%
О оO
95%
К кK
94%
Т тT
94%
Д дD
92%
Р рR
92%
С сS
90%
В вV
90%
Г гG
89%
Н нN
89%
П пP
89%
И иI
88%
У уU
88%
Л лL
86%
Ф фF
85%
З зZ
83%
Х хH
74%
Ј јY
69%
Ц цC
65%

Score Distribution

Percentile by Number Answered

Percent of People with Each Score

Your Score History

You have not taken this quiz